000 00599nam a22001577a 4500
008 140204b xxu||||| |||| 00| 0 eng d
020 _a2-89507-485-2
050 _aBX2347.72.C3C54 2004
100 _aClarke, Bill S.J.
_97829
245 _aThe Face of Friendship
_ba true story of hope and transformation
_cBill Clarke S.J.
260 _aCanada
_bNovalis
_c2004
300 _a256p. ;
_c22cm.
600 _aClarke, Bill andDunn, Byron
_97830
650 _aIgnatius Farm Community
_xJesuits
_xMarginality, Social-Religious Aspects
_xCatholic Church
_zOntario-Guelph Region
_97831
942 _2lcc
_cMONOGRAPH
999 _c119910
_d119910